书目信息 |
| 题名: |
社会保障基金运行的行为效应研究
|
|
| 作者: | 丛春霞 著 | |
| 分册: | ||
| 出版信息: | 北京 中国社会科学出版社 2013 |
|
| 页数: | 11,233页 | |
| 开本: | 24cm | |
| 丛书名: | ||
| 单 册: | ||
| 中图分类: | D632.1 | |
| 科图分类: | ||
| 主题词: | 社会保障基金--基金管理--研究--中国 , 社会保障基金 , 基金管理 | |
| 电子资源: | ||
| ISBN: | 978-7-5161-3208-1 | |
| 000 | 01102nam0 2200265 450 | |
| 001 | 523 | |
| 005 | 20140905100646.64 | |
| 010 | @a978-7-5161-3208-1@dCNY48.00 | |
| 100 | @a20131224d2013 em y0chiy50 ea | |
| 101 | 0 | @achi |
| 102 | @aCN@b110000 | |
| 105 | @ay z 000yy | |
| 106 | @ar | |
| 200 | 1 | @a社会保障基金运行的行为效应研究@AShe Hui Bao Zhang Ji Jin Yun Xing De Xing Wei Xiao Ying Yan Jiu@dStudy on the behavioral effects of the social security funds' operation@f丛春霞著@FCong Chun Xia Zhu@zeng |
| 210 | @a北京@c中国社会科学出版社@d2013 | |
| 215 | @a11,233页@d24cm | |
| 330 | @a本书沿着社会保障基金运行的脉络,从政治学、经济学、社会学角度分析社会保障基金运行与经济运行中各行为主体的调节机制,以期为中国社会保障制度完善及其发展提供新的视角和借鉴。 | |
| 510 | 1 | @aStudy on the behavioral effects of the social security funds' operation@zeng |
| 606 | 0 | @a社会保障基金@x基金管理@x研究@y中国 |
| 606 | 0 | @a社会保障基金 |
| 606 | 0 | @a基金管理 |
| 690 | @aD632.1@v5 | |
| 701 | 0 | @a丛春霞@ACong Chun Xia@f(1963~)@4著 |
| 801 | 0 | @aCN@bTANGWEI@c20140603 |
| 905 | @b0839260-62@dD632.1@e204@f3 | |
| 社会保障基金运行的行为效应研究=Study on the behavioral effects of the social security funds' operation/丛春霞著.-北京:中国社会科学出版社,2013 |
| 11,233页;24cm |
| ISBN 978-7-5161-3208-1:CNY48.00 |
| 本书沿着社会保障基金运行的脉络,从政治学、经济学、社会学角度分析社会保障基金运行与经济运行中各行为主体的调节机制,以期为中国社会保障制度完善及其发展提供新的视角和借鉴。 |
| ● |
| 相关链接 |
|
|
|
|
正题名:社会保障基金运行的行为效应研究
索取号:D632.1/204
 
预约/预借
| 序号 | 登录号 | 条形码 | 馆藏地/架位号 | 状态 | 备注 |
| 1 | 0839260 | 208392602 | 第一样本阅览室/ [索取号:D632.1/204] | 在馆 | |
| 2 | 0839261 | 208392611 | 第一借阅区/ [索取号:D632.1/204] | 在馆 | |
| 3 | 0839262 | 208392620 | 密集书库-史法系/ [索取号:D632.1/204] | 在馆 |